=LDR 00000nam 2200000 4500 =001 INLIS000000000004853 =005 20130612093125 =008 ***********************************Ind** =035 ##$$0010-061300000004853 =041 ##$$a Ind =082 ##$$a 819.2 =090 ##$$a 819.2, Wig b =100 ##$$a WIGNYAWIRYANA, R.Ng =245 ##$$a Babad pagedhohongan / oleh R.Ng Wignyawiryana. -- =260 ##$$a 1996 $b Semarang : Dahara Prize =300 ##$$a 119 hlm. ; 15 cm =650 ##$$a Kesusastraan Indonesia =850 ##$$a NBPNMAT